[Event "Speed Chess Super Swiss"]
[Site "Chess.com INT"]
[Date "2021.10.16"]
[Round "9"]
[White "Senthilkumar, Pranav"]
[Black "Bruned, Yvalin"]
[Result "0-1"]
[WhiteElo "1855"]
[BlackElo "2286"]
[PlyCount "98"]
[EventDate "2021.10.16"]
[EventType "swiss (blitz)"]
[EventRounds "15"]
[EventCountry "USA"]
[SourceTitle "CBM 204 Extra"]
[Source "ChessBase"]
[SourceDate "2021.11.30"]
[SourceVersion "1"]
[SourceVersionDate "2021.11.30"]
[SourceQuality "1"]

1. d4 b6 2. c4 Bb7 3. Nc3 e6 4. e4 Bb4 5. Bd3 f5 6. Qe2 Nf6 7. e5 Bxg2 8. exf6 Qxf6 9. Qh5+ Qf7 10. Qg5 Bxh1 11. f3 Nc6 12. Be3 Bxc3+ 13. bxc3 Qg6 14. Qf4 Rc8 15. 0-0-0 0-0 16. Nh3 Qg2 17. Nf2 Qxf3 18. Nxh1 Qxf4 19. Bxf4 Ne7 20. Ng3 Ng6 21. Bd2 Rce8 22. Ne2 d6 23. Rh1 e5 24. d5 e4 25. Bc2 f4 26. h4 e3 27. Be1 f3 28. Bxg6 hxg6 29. Ng3 f2 30. h5 gxh5 31. Bxf2 exf2 32. Nxh5 Re1+ 33. Kc2 Rxh1 34. Kb3 f1Q 35. Ka4 Qd1+ 36. Kb5 a6+ 37. Kc6 Qa4+ 38. Kxc7 Qxa2 39. Nf6+ Rxf6 40. c5 bxc5 41. c4 Qa5+ 42. Kd7 Qa4+ 43. Kc7 Rf7+ 44. Kxd6 Qd7+ 45. Kxc5 Qc7+ 46. Kd4 Rf4+ 47. Kc3 Qb6 48. Kd3 Rf3+ 49. Ke2 Qf2# 0-1

[Event "Titled Tuesday intern op 01st June"]
[Site "Chess.com INT"]
[Date "2021.06.01"]
[Round "10"]
[White "Bruned, Yvalin"]
[Black "Schrik, Rachid"]
[Result "1/2-1/2"]
[WhiteElo "2286"]
[BlackElo "2198"]
[PlyCount "64"]
[EventDate "2021.06.01"]
[EventType "swiss (blitz)"]
[EventRounds "11"]
[EventCountry "USA"]
[SourceTitle "CBM 202 Extra"]
[Source "ChessBase"]
[SourceDate "2021.07.31"]
[SourceVersion "1"]
[SourceVersionDate "2021.07.31"]
[SourceQuality "1"]

1. b3 a5 2. Bb2 a4 3. a3 axb3 4. cxb3 e6 5. e3 d5 6. d4 Nf6 7. Nf3 Bd6 8. Be2 0-0 9. 0-0 b6 10. b4 c5 11. bxc5 bxc5 12. dxc5 Bxc5 13. a4 Ba6 14. Bxa6 Rxa6 15. Nc3 Nbd7 16. Nb5 Qb6 17. Ne5 Rfa8 18. Nxd7 Nxd7 19. Bd4 Bxd4 20. exd4 Nf6 21. Qb3 Ne4 22. Rfc1 Nd2 23. Qb4 Nc4 24. Ra2 h6 25. h3 Rb8 26. Rca1 Nd6 27. Qxd6 Qxd6 28. Nxd6 Rxd6 29. a5 Ra6 30. Ra4 Rb5 31. Kf1 g5 32. R1a2 Kg7 1/2-1/2

[Event "Titled Tuesday intern op 01st June"]
[Site "Chess.com INT"]
[Date "2021.06.01"]
[Round "4"]
[White "Bruned, Yvalin"]
[Black "Wong, Yinn Long"]
[Result "1-0"]
[WhiteElo "2286"]
[BlackElo "2381"]
[PlyCount "145"]
[EventDate "2021.06.01"]
[EventType "swiss (blitz)"]
[EventRounds "11"]
[EventCountry "USA"]
[SourceTitle "CBM 202 Extra"]
[Source "ChessBase"]
[SourceDate "2021.07.31"]
[SourceVersion "1"]
[SourceVersionDate "2021.07.31"]
[SourceQuality "1"]

1. b3 b6 2. Bb2 Bb7 3. e3 e6 4. Nf3 Nf6 5. Be2 Be7 6. 0-0 0-0 7. d4 d5 8. Nbd2 c5 9. c4 cxd4 10. Nxd4 Nbd7 11. Rc1 Rc8 12. cxd5 Nxd5 13. Rxc8 Qxc8 14. Qa1 Bf6 15. Rc1 Qa8 16. Bf1 Rc8 17. N4f3 h6 18. Rxc8+ Qxc8 19. Bxf6 N7xf6 20. Nc4 Qd8 21. Qd4 Qc7 22. a3 Ne7 23. Qd6 Qxd6 24. Nxd6 Bd5 25. Bc4 Kf8 26. Kf1 Nc6 27. Bxd5 Nxd5 28. Nb5 Ke7 29. Ke2 a6 30. Nbd4 Nxd4+ 31. Nxd4 Kd6 32. Kd3 g6 33. g3 e5 34. Ne2 Nc7 35. Nc3 f5 36. e4 Ne6 37. b4 Nd4 38. Nd5 b5 39. Ne3 Ke6 40. f4 Nf3 41. h3 Ng1 42. h4 exf4 43. gxf4 Nh3 44. Nd5 Nf2+ 45. Ke3 Nxe4 46. Nc7+ Kd6 47. Nxa6 Kc6 48. Kd4 Nf6 49. Nc5 Nd5 50. Ke5 Ne3 51. Kf6 Kd5 52. Kxg6 Nc4 53. Kxh6 Nxa3 54. Kg6 Nc2 55. h5 Nxb4 56. h6 Kxc5 57. h7 Nd5 58. h8Q Nxf4+ 59. Kxf5 Nd5 60. Qc8+ Kd4 61. Qh8+ Kc4 62. Ke5 Nc3 63. Qc8+ Kd3 64. Qd7+ Kc4 65. Qc6+ Kb3 66. Kd4 b4 67. Qc4+ Ka3 68. Qa6+ Kb3 69. Qe6+ Ka3 70. Kc4 Nb1 71. Qa6+ Kb2 72. Kxb4 Nc3 73. Qa3+ 1-0